Do These Countries Speak the Same Language? - Statistics

General Stats
  • This quiz has been taken 73 times
  • The average score is 14 of 16
Answer Stats
Question Answer % Correct
Brazil - Portugal Yes
100%
Japan - Taiwan No
99%
France - Belgium Yes
99%
North Korea - South Korea Yes
99%
Finland - Hungary No
97%
Vietnam - Thailand No
97%
Italy - San Marino Yes
97%
Costa Rica - Panama Yes
96%
United States - Canada Yes
96%
Mexico - Guatemala Yes
96%
Russia - Mongolia No
93%
Netherlands - Indonesia No
93%
Nepal - Bhutan No
81%
Iraq - Iran No
78%
Belarus - Ukraine No
70%
Marshall Islands - Solomon Islands Yes
48%
No matching quizzes found
Score Distribution
Percent of People with Each Score
Percentile by Number Answered
Your Score History
You have not taken this quiz